00999nam a22002297a 450000500170000000800410001704000090005809000190006710000310008624501990011726000780031630000140039450201000040872000380050872000570054672000430060372000360064672000320068294000110071494200290072599900150075420230512222907.0190410t xxu||||| |||| 00| 0 eng d cCSPC aUTH BSEE D382r aDelmita Gladdy M.,eauthor00aRelationship between the admission results and the academic performance of the Bachelor of Science in Electrical Enginnering StudentscGladdy M. Delmita, Ma. Theresa N. Duque, Hazel S.F. Secundo aNabua, Camarines Sur :bCamarines Sur Polythectic Colleges ; c2009 a68 leaves aUndergraduate Thesis (BSEE) - Electrical EngineeringcCamarines Sur Polytechnic Colleges, 2009. aPontillas, Virginia V.,eadviser. aBarandon, Seth B. epanelist, chair. aIbarrientos, Jose Ariel R.,epanelist. aCabaltera, Eddie L.,epanelist. aBotor, Lloyd H.,epanelist. ajarell cUTHjUTH BSEE D382r 2009 c7544d7544